| 000 | 00539nam a2200157Ia 4500 | ||
|---|---|---|---|
| 008 | 170221s9999 xx 000 0 und d | ||
| 100 | _aMekonnen Hailemariam Zikargae | ||
| 245 | 4 | _aThe Impacts of Ethnocentrism and Stereotype on Inter-Cultural Relations of Ethiopian Higher Education Students | |
| 245 | _cMekonnen Hailemariam Zikargae | ||
| 260 | _bOnline Journal of Communication and Media Technologies | ||
| 260 | _c2013 | ||
| 300 | _a3 : 4 | ||
| 650 | _xCommunication | ||
| 650 | _xMedia Arts | ||
| 856 | _uhttp://www.ojcmt.net/ | ||
| 999 |
_c307277 _d307277 |
||